Starajme sa o ekologické povedomie
Rozhovor s ministrom životného prostredia SR. Postup pri likvidácii rádioaktívneho odpadu z atómovej elektrárne a hľadanie vhodných miest pre jeho skládku na Slovensku. Situácia v predkladaní návrhov o ochrane životného prostredia.
Guardado en:
| Autor principal: | |
|---|---|
| Formato: | Capítulo de libro |
| Lenguaje: | eslovaco |
| Materias: | |
| Etiquetas: |
Sin Etiquetas, Sea el primero en etiquetar este registro!
|
MARC
| LEADER | 00000naa a2200000 4500 | ||
|---|---|---|---|
| 001 | r014038 | ||
| 005 | 20221205080001.4 | ||
| 041 | 0 | |a slo | |
| 044 | |a SK | ||
| 245 | 1 | 0 | |a Starajme sa o ekologické povedomie |c J. Zlocha |
| 520 | |a Rozhovor s ministrom životného prostredia SR. Postup pri likvidácii rádioaktívneho odpadu z atómovej elektrárne a hľadanie vhodných miest pre jeho skládku na Slovensku. Situácia v predkladaní návrhov o ochrane životného prostredia. | ||
| 610 | 2 | 0 | |a ekológia |
| 610 | 2 | 0 | |a prostredie životné |
| 610 | 2 | 0 | |a ochrana prostredia životného |
| 610 | 2 | 0 | |a Slovensko |
| 610 | 2 | 0 | |a odpad |
| 100 | 1 | |a Zlocha, J. | |